01856nam a2200457 i 450000100060000000300080000600500170001400600190003100700150005000800410006502000270010603500230013303500240015603500250018003500220020504000310022705000250025808000090028308200160029224501020030826400440041030000410045433600310049533700330052633800430055949000630060250000220066558801260068759001630081365000340097665000350101065000300104565000350107565500270111070000500113770000490118779700190123683000640125585600620131999900170138152001FlNmELB20241216232346.0m o d | cr cnu||||||||171003s2017 sp o 001 0 spa d a9788478987412 (e-book) a(MiAaPQ)EBC4945836 a(Au-PeEL)EBL4945836 a(CaPaEBR)ebr11423205 a(OCoLC)1105423177 aFINmELBbspaerdacFINmELB 4aNX180.H93bD611 2017 a7.010 a700.10322300aDiscurso y frontera /cPedro Javier Millán Barroso, María Jesús Orozco Vera, coordinadores. 1aSevilla :bEdiciones Alfar S.A.,c2017. a1 recurso en línea (306 páginas) atextobtxt2rdacontent/spa acomputadorabc2rdamedia/spa arecurso en líneabcr2rdacarrier/spa1 aAlfar Universidad. Serie Estudios de Comunicación ;v204 aIncluye índice. aDescripción basada en recurso en línea; Título de la página del título en PDF (e-libro, visto October 3, 2017). aRecurso electrónico. Santa Fe, Arg. : e-libro, 2017. Disponible vía World Wide Web. El acceso puede ser limitado para las bibliotecas afiliadas a e-Libro. 0aCultural fusion and the arts. 4aFusión cultural y las artes. 0aCulturexSemiotic models. 4aCulturaxModelos semióticos. 4aLibros electrónicos.1 aMillán Barroso, Pedro Javier,ecoordinador.1 aOrozco Vera, María Jesús,ecoordinadora.2 ae-libro, Corp. 0aAlfar Universidad. Serie Estudios de Comunicación ;v204.40uhttps://elibro.net/ereader/politecnicointernacional/52771 c52001d52001